Nemecká ekonomika môže napriek recesii "potiahnuť" Slovensko vpred Nemecko ako hospodársky partner
Nemecké hospodárstvo - vplyv všeobecnej recesie prehĺbený zjednotením, východonemecké hospodárstvo v kríze, nevyhnutné ďalšie investície. Zahraničný obchod Nemecka, štruktúra, obchodnopolitické prekážky, proexportná politika, komoditná štruktúra (dovoz, vývoz). Vzájomný obchod SRN a SR v r.1989-1992...
Gespeichert in:
| 1. Verfasser: | |
|---|---|
| Format: | Buchkapitel |
| Sprache: | Slowakisch |
| Schlagworte: | |
| Tags: |
Keine Tags, Fügen Sie das erste Tag hinzu!
|
MARC
| LEADER | 00000naa a2200000 4500 | ||
|---|---|---|---|
| 001 | r016274 | ||
| 005 | 20221205091216.1 | ||
| 041 | 0 | |a slo | |
| 044 | |a SK | ||
| 245 | 1 | 0 | |a Nemecká ekonomika môže napriek recesii "potiahnuť" Slovensko vpred |b Nemecko ako hospodársky partner |c J. Čalfová |
| 520 | |a Nemecké hospodárstvo - vplyv všeobecnej recesie prehĺbený zjednotením, východonemecké hospodárstvo v kríze, nevyhnutné ďalšie investície. Zahraničný obchod Nemecka, štruktúra, obchodnopolitické prekážky, proexportná politika, komoditná štruktúra (dovoz, vývoz). Vzájomný obchod SRN a SR v r.1989-1992, realizácia slovenského ZO v SRN v r.1993 podľa tovarovej štruktúry. Veľtrhy ako možnosť nadväzovania nových stykov. Spoločné podnikanie v SR, legislatíva spolupráce. Slovenské podniky s majetkovou účasťou v nemeckých firmách. | ||
| 610 | 2 | 0 | |a situácia hospodárska |
| 610 | 2 | 0 | |a Nemecko |
| 610 | 2 | 0 | |a recesia |
| 610 | 2 | 0 | |a východné Nemecko |
| 610 | 2 | 0 | |a spolupráca hospodárska medzinárodná |
| 610 | 2 | 0 | |a Slovensko |
| 610 | 2 | 0 | |a obchod zahraničný |
| 610 | 2 | 0 | |a dovoz |
| 610 | 2 | 0 | |a vývoz |
| 610 | 2 | 0 | |a 1989-1993 |
| 610 | 2 | 0 | |a údaje štatistické |
| 610 | 2 | 0 | |a podnik spoločný |
| 610 | 2 | 0 | |a legislatíva |
| 610 | 2 | 0 | |a podmienky obchodné |
| 610 | 2 | 0 | |a politika zahraničnoobchodná |
| 100 | 1 | |a Čalfová, J. | |